000 00325nam a22001457a 4500
005 20160316064131.0
008
020 _a9780071478830
020 _a0071478833
041 _aeng
080 _a311.17
245 1 0 _aStatics and dynamics demystified /
_cDavid McMahon.
504 _aBibliografia (f. [237])
942 _2udc
_cBK
999 _c412
_d412